| 000 | 00940naa a2200313 u 4500 | ||
|---|---|---|---|
| 001 | 12576 | ||
| 003 | HDC | ||
| 007 | t o 000 0 may | ||
| 008 | 210210b ||||| |||| 00| 0 eng d | ||
| 020 | _a1587160293 (alk. paper) | ||
| 040 | _aHDC | ||
| 050 |
_aTP370 _b.R47 2004 |
||
| 082 | _a297.5/76 | ||
| 100 |
_aRiaz, Mian N. _91457 |
||
| 245 | 0 |
_aHalal food production / _cMian N. Riaz, Muhammad M. Chaudry. |
|
| 260 |
_aBoca Raton, FL : _bCRC Press, _c2004 |
||
| 300 |
_axvii, 379 p. : _bill. _c24 cm. |
||
| 336 |
_atext _2rdacontent |
||
| 337 |
_acomputer _2rdamedia |
||
| 338 |
_aonline resource _2rdacarrier |
||
| 504 | _aIncludes bibliographical references and index. | ||
| 650 |
_aFood industry and trade _xStandards. _96516 |
||
| 650 |
_aHalal food industry. _9128 |
||
| 650 |
_aHalal food. _950 |
||
| 700 |
_aChaudry, Muhammad M. _96517 |
||
| 942 | _2lcc | ||
| 942 | _cEBOOK | ||
| 942 | _kEBOK 001995 | ||
| 999 |
_c9899 _d9899 |
||